[Event "IECC CL3-2010.07 email"]
[Site "IECC email"]
[Date "2010.10.22"]
[Round "?"]
[White "Helfrich, Cory"]
[Black "Kawagoe, Toshiji"]
[Result "1/2-1/2"]
[WhiteElo "1994"]
[BlackElo "1720"]
[PlyCount "66"]
[EventDate "2010.??.??"]
[EventType "tourn (corr)"]
[EventRounds "4"]
[SourceTitle "Telechess CBM 149"]
[Source "ChessBase"]
[SourceDate "2012.07.17"]
[SourceVersion "1"]
[SourceVersionDate "2012.07.17"]
[SourceQuality "1"]
[WhiteTeam "Canada"]
[BlackTeam "Japan"]
[WhiteTeamCountry "CAN"]
[BlackTeamCountry "JPN"]

1. d4 e6 2. Nf3 f5 3. d5 Bd6 4. Nc3 Nf6 5. Bg5 h6 6. Bxf6 Qxf6 7. e4 0-0 8. Bd3 c6 9. dxe6 dxe6 10. 0-0 Nd7 11. exf5 exf5 12. Bxf5 Bxh2+ 13. Kxh2 Qxf5 14. Re1 Qf4+ 15. Kg1 Nf6 16. Qd4 Qxd4 17. Nxd4 Bd7 18. f3 b6 19. Rad1 Rfe8 20. g4 Rxe1+ 21. Rxe1 Re8 22. Nde2 c5 23. Kf2 Bc6 24. Rd1 Rf8 25. Kg3 g5 26. Ng1 Kf7 27. Rd6 Bd7 28. Nd5 Be6 29. Nxf6 Kxf6 30. b3 Ke7 31. Rd2 Rd8 32. Rxd8 Kxd8 33. f4 Ke7 1/2-1/2

[Event "IECC CL3-2010.03 email"]
[Site "IECC email"]
[Date "2010.05.03"]
[Round "?"]
[White "Helfrich, Cory"]
[Black "Bascetta, Biagio J"]
[Result "1-0"]
[WhiteElo "1966"]
[BlackElo "1941"]
[PlyCount "79"]
[EventDate "2010.??.??"]
[EventType "tourn (corr)"]
[EventRounds "4"]
[SourceTitle "Corr 2013"]
[Source "ChessBase"]
[SourceDate "2012.11.12"]
[SourceVersion "1"]
[SourceVersionDate "2012.11.12"]
[SourceQuality "1"]
[WhiteTeam "Canada"]
[BlackTeam "Italy"]
[WhiteTeamCountry "CAN"]
[BlackTeamCountry "ITA"]

1. d4 d5 2. Nf3 Nf6 3. e3 e6 4. Bd3 c5 5. b3 Nc6 6. 0-0 Bd6 7. Bb2 0-0 8. Ne5 Qc7 9. f4 cxd4 10. exd4 Qb6 11. Kh1 Nb4 12. Nc3 Nxd3 13. Qxd3 Nd7 14. Rf3 f5 15. a4 a6 16. Ne2 Nxe5 17. fxe5 Be7 18. Nf4 Bd7 19. Qd2 Rfe8 20. Nh5 Kh8 21. Rh3 Qd8 22. Qe2 g6 23. Bc1 Rc8 24. Bh6 Rg8 25. Nf6 Bxf6 26. exf6 Qxf6 27. Bf4 Rg7 28. Be5 Qe7 29. Qd2 Kg8 30. Bxg7 Kxg7 31. Rd1 g5 32. Rc3 Bc6 33. Re1 h6 34. Qe2 Re8 35. Qe5+ Qf6 36. Qc7+ Kg6 37. Rce3 Qf7 38. Qd6 Bd7 39. c4 f4 40. Re5 1-0

[Event "IECC CL3-2010.03 email"]
[Site "IECC email"]
[Date "2010.05.03"]
[Round "?"]
[White "Helfrich, Cory"]
[Black "Basson, Heinrich"]
[Result "1/2-1/2"]
[WhiteElo "2000"]
[BlackElo "1750"]
[PlyCount "40"]
[EventDate "2010.??.??"]
[EventType "tourn (corr)"]
[EventRounds "4"]
[SourceTitle "Telechess CBM 149"]
[Source "ChessBase"]
[SourceDate "2012.07.17"]
[SourceVersion "1"]
[SourceVersionDate "2012.07.17"]
[SourceQuality "1"]
[WhiteTeam "Canada"]
[BlackTeam "South Africa"]
[WhiteTeamCountry "CAN"]
[BlackTeamCountry "RSA"]

1. d4 d5 2. Nf3 Nf6 3. e3 e6 4. Bd3 c5 5. b3 Nbd7 6. 0-0 Bd6 7. Bb2 0-0 8. Nbd2 cxd4 9. exd4 Nh5 10. g3 Nhf6 11. c4 b6 12. cxd5 Nxd5 13. Rc1 N7f6 14. Ne5 Bb7 15. Re1 Nb4 16. Bb1 a5 17. Ndc4 Be7 18. a3 Nbd5 19. Nd2 Rc8 20. Rxc8 Qxc8 1/2-1/2

[Event "IECC CL3-2010.02 email"]
[Site "IECC email"]
[Date "2010.03.21"]
[Round "?"]
[White "Helfrich, Cory"]
[Black "Kriechel, Ben"]
[Result "1-0"]
[WhiteElo "1983"]
[BlackElo "1885"]
[PlyCount "93"]
[EventDate "2010.??.??"]
[EventType "tourn (corr)"]
[EventRounds "4"]
[SourceTitle "Telechess CBM 149"]
[Source "ChessBase"]
[SourceDate "2012.07.17"]
[SourceVersion "1"]
[SourceVersionDate "2012.07.17"]
[SourceQuality "1"]
[WhiteTeam "Canada"]
[BlackTeam "Netherlands"]
[WhiteTeamCountry "CAN"]
[BlackTeamCountry "NED"]

1. d4 d5 2. Nf3 Nf6 3. e3 c5 4. c4 e6 5. a3 Nc6 6. dxc5 Bxc5 7. b4 Be7 8. Bb2 0-0 9. Nbd2 a6 10. Rc1 dxc4 11. Bxc4 b5 12. Be2 Bb7 13. 0-0 Qb6 14. Qc2 Rac8 15. Qb1 Rfd8 16. Ne4 h6 17. Rfd1 Rxd1+ 18. Rxd1 Ne8 19. h3 a5 20. Bc3 axb4 21. axb4 Rc7 22. Ne1 g6 23. Bf3 f5 24. Nd2 Bd6 25. Qb2 Kh7 26. Nd3 Re7 27. Nb3 e5 28. Ndc5 Bc8 29. h4 e4 30. Be2 Bb8 31. Nd4 Qc7 32. g3 Nxd4 33. Bxd4 Qc6 34. Qc3 Bc7 35. Qb3 h5 36. Ra1 Bb6 37. Bb2 Ng7 38. Qc3 Rc7 39. Rc1 Rf7 40. Na4 Qxc3 41. Nxc3 Be6 42. Nxb5 Bd8 43. Be5 Rb7 44. Nd4 Ba2 45. Ba6 Rf7 46. b5 Bd5 47. Nc6 1-0

[Event "IECC CL3-2010.02 email"]
[Site "IECC email"]
[Date "2010.03.21"]
[Round "?"]
[White "Holanda, Dogeval Ferreira"]
[Black "Helfrich, Cory"]
[Result "0-1"]
[WhiteElo "2063"]
[BlackElo "1980"]
[PlyCount "112"]
[EventDate "2010.??.??"]
[EventType "tourn (corr)"]
[EventRounds "4"]
[SourceTitle "Telechess CBM 149"]
[Source "ChessBase"]
[SourceDate "2012.07.17"]
[SourceVersion "1"]
[SourceVersionDate "2012.07.17"]
[SourceQuality "1"]
[WhiteTeam "Brazil"]
[BlackTeam "Canada"]
[WhiteTeamCountry "BRA"]
[BlackTeamCountry "CAN"]

1. e4 e6 2. d4 d5 3. Nc3 dxe4 4. Nxe4 Be7 5. Nf3 Nf6 6. Bd3 Nxe4 7. Bxe4 Nd7 8. 0-0 c5 9. Be3 Nf6 10. Bd3 Nd5 11. dxc5 Nxe3 12. fxe3 Qa5 13. Nd4 0-0 14. Nb3 Qc7 15. Qf3 Bd7 16. Rad1 Rad8 17. Be4 a5 18. Qg3 Rc8 19. Nxa5 Bxc5 20. Nxb7 Qxg3 21. hxg3 Bxe3+ 22. Kh2 Rc7 23. Rf3 Ba7 24. g4 Bb8 25. Kh3 f5 26. gxf5 exf5 27. Bd5+ Kh8 28. Nd6 g5 29. Rb3 f4+ 30. Kh2 g4 31. Rb7 Rxb7 32. Nxb7 Rf5 33. c4 f3+ 34. Kg1 Ba7+ 35. Kf1 Rh5 36. gxf3 Rh1+ 37. Ke2 Rh2+ 38. Kd3 gxf3 39. Nd6 f2 40. Bf3 Bh3 41. Be2 Rg2 42. Kd2 Rg1 43. b4 Bb8 44. c5 Kg8 45. b5 Kf8 46. Bd3 Ke7 47. Ne4 Bf4+ 48. Kc2 Rxd1 49. Kxd1 f1Q+ 50. Bxf1 Bxf1 51. a4 h5 52. Nd2 Bd3 53. Nf3 Be3 54. c6 Kd6 55. Ke1 Bc2 56. a5 Bc5 0-1

[Event "IECC CL3-2009.06 email"]
[Site "IECC email"]
[Date "2009.12.07"]
[Round "?"]
[White "Helfrich, Cory"]
[Black "Jordaan, Wayne"]
[Result "1-0"]
[WhiteElo "1903"]
[BlackElo "1799"]
[PlyCount "83"]
[EventDate "2009.??.??"]
[EventType "tourn (corr)"]
[EventRounds "4"]
[SourceTitle "Telechess CBM 149"]
[Source "ChessBase"]
[SourceDate "2012.07.17"]
[SourceVersion "1"]
[SourceVersionDate "2012.07.17"]
[SourceQuality "1"]
[WhiteTeam "Canada"]
[BlackTeam "South Africa"]
[WhiteTeamCountry "CAN"]
[BlackTeamCountry "RSA"]

1. d4 d5 2. Nf3 Nf6 3. e3 e6 4. Bd3 Be7 5. 0-0 0-0 6. b3 c5 7. Bb2 Nc6 8. Nbd2 b6 9. Ne5 Bb7 10. f4 Nb4 11. Rf3 cxd4 12. exd4 Rc8 13. c3 Nxd3 14. Rxd3 Ne4 15. Nxe4 dxe4 16. Rg3 Bf6 17. Ba3 Re8 18. Qh5 Bxe5 19. Qxe5 f6 20. Qh5 Qd5 21. Qh6 Qd7 22. Bb2 Kh8 23. Qh5 b5 24. Rh3 h6 25. Re1 Bd5 26. Bc1 Kg8 27. Ree3 Qf7 28. Qe2 a6 29. Reg3 f5 30. Ba3 Kh7 31. Bd6 Rg8 32. Be5 Bc6 33. Rg5 Bd7 34. Qe3 Be8 35. Rh4 h5 36. h3 g6 37. g4 b4 38. c4 a5 39. Qe2 a4 40. Kh2 Rg7 41. gxh5 gxh5 42. Rhxh5+ 1-0

[Event "IECC CL4-2009.09 email"]
[Site "IECC email"]
[Date "2009.08.30"]
[Round "?"]
[White "Helfrich, Cory"]
[Black "Moscoso, Fernando"]
[Result "1-0"]
[WhiteElo "1775"]
[BlackElo "1685"]
[PlyCount "25"]
[EventDate "2009.??.??"]
[EventType "tourn (corr)"]
[EventRounds "4"]
[SourceTitle "Corr 2013"]
[Source "ChessBase"]
[SourceDate "2012.11.12"]
[SourceVersion "1"]
[SourceVersionDate "2012.11.12"]
[SourceQuality "1"]
[WhiteTeam "Canada"]
[BlackTeam "Equador"]
[WhiteTeamCountry "CAN"]
[BlackTeamCountry "ECU"]

1. d4 d5 2. Nf3 Nf6 3. e3 g6 4. c4 Bg7 5. cxd5 0-0 6. Be2 Nxd5 7. 0-0 c5 8. dxc5 Nc6 9. e4 Ndb4 10. Nc3 Qa5 11. Bd2 Rd8 12. Nd5 Qxc5 13. Rc1 1-0

[Event "IECC CL4-2009.09 email"]
[Site "IECC email"]
[Date "2009.08.30"]
[Round "?"]
[White "Van't Hof, Gert"]
[Black "Helfrich, Cory"]
[Result "0-1"]
[WhiteElo "1641"]
[BlackElo "1830"]
[PlyCount "48"]
[EventDate "2009.??.??"]
[EventType "tourn (corr)"]
[EventRounds "4"]
[SourceTitle "Telechess CBM 137"]
[Source "ChessBase"]
[SourceDate "2010.07.15"]
[SourceVersion "1"]
[SourceVersionDate "2010.07.15"]
[SourceQuality "1"]
[WhiteTeam "Netherlands"]
[BlackTeam "Canada"]
[WhiteTeamCountry "NED"]
[BlackTeamCountry "CAN"]

1. e4 e6 2. d4 d5 3. Nc3 dxe4 4. Nxe4 Be7 5. Nf3 Nf6 6. Bd3 Nxe4 7. Bxe4 Nd7 8. Qe2 0-0 9. h4 Nf6 10. Bd3 b6 11. Bg5 Bb7 12. 0-0-0 c5 13. Kb1 Qc7 14. Rh3 Rfd8 15. Re1 cxd4 16. Ne5 Bxg2 17. Rg3 Bd5 18. Reg1 g6 19. h5 Nxh5 20. Qxh5 Qxe5 21. f4 Bxg5 22. Bxg6 fxg6 23. Rxg5 Qxf4 24. Qh6 Kh8 0-1

[Event "IECC CL4-2009.07 email"]
[Site "IECC email"]
[Date "2009.07.11"]
[Round "?"]
[White "Helfrich, Cory"]
[Black "Cabrera Trujillo, Claudio Tomas"]
[Result "1-0"]
[WhiteElo "1797"]
[BlackElo "1609"]
[PlyCount "51"]
[EventDate "2009.??.??"]
[EventType "tourn (corr)"]
[EventRounds "4"]
[SourceTitle "Telechess CBM 137"]
[Source "ChessBase"]
[SourceDate "2010.07.15"]
[SourceVersion "1"]
[SourceVersionDate "2010.07.15"]
[SourceQuality "1"]
[WhiteTeam "Canada"]
[BlackTeam "Chile"]
[WhiteTeamCountry "CAN"]
[BlackTeamCountry "CHI"]

1. d4 Nf6 2. Nf3 g6 3. e3 Bg7 4. c4 0-0 5. Be2 d6 6. Nc3 c6 7. 0-0 Qe8 8. e4 e5 9. dxe5 dxe5 10. Qd6 Nh5 11. Rd1 f6 12. Be3 Na6 13. g3 Rf7 14. Qa3 Bf8 15. c5 b5 16. Qa5 Rb8 17. Rd8 Qe6 18. a4 b4 19. Bxa6 bxc3 20. Qxc3 Bxa6 21. Rxb8 Qg4 22. Nd2 Nf4 23. Bxf4 exf4 24. Nc4 Qe2 25. Nd6 Rd7 26. Qxf6 1-0

[Event "IECC P-4444"]
[Site "IECC email"]
[Date "2008.05.23"]
[Round "?"]
[White "Marques, Joao Paulo Cassemir"]
[Black "Helfrich, Cory"]
[Result "0-1"]
[WhiteElo "1278"]
[BlackElo "1602"]
[PlyCount "40"]
[EventDate "2008.??.??"]
[EventType "match (corr)"]
[SourceTitle "Corr 2013"]
[Source "ChessBase"]
[SourceDate "2012.11.12"]
[SourceVersion "1"]
[SourceVersionDate "2012.11.12"]
[SourceQuality "1"]
[WhiteTeam "US of America"]
[BlackTeam "Australia"]
[WhiteTeamCountry "USA"]
[BlackTeamCountry "AUS"]

1. e4 c5 2. Nf3 d6 3. d4 cxd4 4. Nxd4 Nf6 5. Nc3 Nc6 6. Bg5 e6 7. Qd2 Be7 8. 0-0-0 0-0 9. f4 Nxd4 10. Qxd4 Qa5 11. Bc4 b5 12. Bxb5 Rb8 13. a4 Bb7 14. e5 dxe5 15. fxe5 Nd5 16. Bxe7 Nxe7 17. g4 Bxh1 18. Rxh1 Rfd8 19. Qe4 a6 20. Bd3 Ng6 0-1

[Event "IECC CL5-2007.19 email"]
[Site "IECC email"]
[Date "2008.01.02"]
[Round "?"]
[White "Helfrich, Cory"]
[Black "Finkbeiner, Kirk"]
[Result "1-0"]
[WhiteElo "1448"]
[BlackElo "1517"]
[PlyCount "47"]
[EventDate "2007.??.??"]
[EventType "tourn (corr)"]
[EventRounds "4"]
[SourceTitle "Corr 2013"]
[Source "ChessBase"]
[SourceDate "2012.11.12"]
[SourceVersion "1"]
[SourceVersionDate "2012.11.12"]
[SourceQuality "1"]
[WhiteTeam "Ireland"]
[BlackTeam "Italy"]
[WhiteTeamCountry "IRL"]
[BlackTeamCountry "ITA"]

1. d4 d5 2. c4 c6 3. Nf3 g6 4. Nc3 Bg7 5. Bf4 Nf6 6. e3 Bg4 7. Qb3 Qb6 8. Ne5 Qxb3 9. axb3 0-0 10. Nxg4 Nxg4 11. cxd5 cxd5 12. Nxd5 Nc6 13. Be2 Nf6 14. Bf3 Nxd5 15. Bxd5 Nb4 16. Bxb7 Nc2+ 17. Ke2 Nxa1 18. Bxa8 Rxa8 19. Rxa1 e6 20. b4 f6 21. Bc7 Kf7 22. b5 Ke7 23. b6 Kd7 24. b7 1-0

[Event "P-4390"]
[Site "IECC email"]
[Date "2007.11.11"]
[Round "?"]
[White "Helfrich, Cory"]
[Black "Cofer, David"]
[Result "1/2-1/2"]
[WhiteElo "1382"]
[BlackElo "1335"]
[PlyCount "85"]
[EventDate "2007.??.??"]
[EventType "tourn (corr)"]
[SourceTitle "Corr 2020"]
[Source "ChessBase"]
[SourceDate "2019.09.30"]
[SourceVersion "1"]
[SourceVersionDate "2019.09.30"]
[SourceQuality "1"]
[WhiteTeam "Canada"]
[BlackTeam "United States"]
[WhiteTeamCountry "CAN"]
[BlackTeamCountry "USA"]

1. d4 d5 2. c4 e6 3. Nf3 Nf6 4. Nc3 Be7 5. Bf4 0-0 6. e3 c5 7. dxc5 Bxc5 8. Qc2 Nc6 9. a3 Qa5 10. 0-0-0 Be7 11. Nd2 Qb6 12. Be2 d4 13. Na4 Qa5 14. b4 Qf5 15. Qxf5 exf5 16. Kb2 Rd8 17. b5 dxe3 18. fxe3 Nb8 19. Nc3 a6 20. a4 Nbd7 21. Rhf1 Bb4 22. Nb3 Bxc3+ 23. Kxc3 axb5 24. axb5 Re8 25. Bf3 Ne4+ 26. Bxe4 fxe4 27. Ra1 Rxa1 28. Rxa1 g6 29. Rd1 f5 30. c5 Kf7 31. c6 bxc6 32. bxc6 Ne5 33. Bxe5 Rxe5 34. Rd8 Re8 35. c7 f4 36. exf4 e3 37. Nd4 Ke7 38. Nc6+ Kf8 39. Ne5 Ke7 40. Rd3 Kf6 41. Rd6+ Ke7 42. Rd5 Ke6 43. Rd8 1/2-1/2

[Event "P-4388"]
[Site "IECC email"]
[Date "2007.11.06"]
[Round "?"]
[White "Ramieri, Paolo"]
[Black "Helfrich, Cory"]
[Result "0-1"]
[WhiteElo "1205"]
[BlackElo "1500"]
[PlyCount "112"]
[EventDate "2007.??.??"]
[EventType "tourn (corr)"]
[SourceTitle "Corr 2020"]
[Source "ChessBase"]
[SourceDate "2019.09.30"]
[SourceVersion "1"]
[SourceVersionDate "2019.09.30"]
[SourceQuality "1"]
[WhiteTeam "Italy"]
[BlackTeam "Canada"]
[WhiteTeamCountry "ITA"]
[BlackTeamCountry "CAN"]

1. e4 c5 2. Nf3 d6 3. d4 cxd4 4. Nxd4 Nf6 5. Nc3 Nc6 6. Bg5 e6 7. Qd2 Be7 8. 0-0-0 0-0 9. f4 Nxd4 10. Qxd4 Qa5 11. e5 dxe5 12. Qxe5 Qxe5 13. fxe5 Nd5 14. Bxe7 Nxe7 15. Bc4 b6 16. Rhe1 Ng6 17. g3 Bb7 18. Rd7 Bc6 19. Rc7 Rfc8 20. Rxc8+ Rxc8 21. Bd3 Kf8 22. h4 Ne7 23. h5 Bf3 24. h6 gxh6 25. Be4 Bxe4 26. Nxe4 Rd8 27. Nf6 Kg7 28. Re4 Nc6 29. Rg4+ Kf8 30. Nxh7+ Ke7 31. Rh4 Nxe5 32. Rxh6 Rg8 33. Rh3 f5 34. a4 Kf7 35. b4 Kg6 36. Rh4 Nf3 37. Rf4 Ng1 38. Rh4 Ne2+ 39. Kd2 Nxg3 40. Rh3 Rd8+ 41. Ke3 Nh5 42. c4 Rh8 43. c5 bxc5 44. bxc5 Rxh7 45. Kd4 Rd7+ 46. Kc4 Nf4 47. c6 Rd1 48. Rc3 Nd5 49. Rg3+ Kf6 50. Kc5 Ke5 51. Kb5 Nc7+ 52. Kb4 Rc1 53. Re3+ Kd4 54. Rh3 f4 55. Rh4 Ke3 56. Rh5 f3 0-1

[Event "IECC CL6-2007.13 email"]
[Site "IECC email"]
[Date "2007.10.27"]
[Round "?"]
[White "Helfrich, Cory"]
[Black "Marques, Joao"]
[Result "1-0"]
[WhiteElo "1379"]
[BlackElo "1289"]
[PlyCount "49"]
[EventDate "2007.??.??"]
[EventType "tourn (corr)"]
[EventRounds "4"]
[SourceTitle "Corr 2020"]
[Source "ChessBase"]
[SourceDate "2019.09.30"]
[SourceVersion "1"]
[SourceVersionDate "2019.09.30"]
[SourceQuality "1"]
[WhiteTeam "Canada"]
[BlackTeam "Brazil"]
[WhiteTeamCountry "CAN"]
[BlackTeamCountry "BRA"]

1. e4 c5 2. Nf3 e6 3. Nc3 a6 4. d4 cxd4 5. Nxd4 Qc7 6. Bd3 Nc6 7. Nxc6 dxc6 8. 0-0 e5 9. f4 Nf6 10. Kh1 Bc5 11. f5 b5 12. a4 Bb7 13. Qf3 h5 14. Bg5 Ng4 15. axb5 axb5 16. Rxa8+ Bxa8 17. f6 g6 18. h3 Nh6 19. Rd1 Bd4 20. Ne2 Bxb2 21. Qe3 Ng8 22. Qc5 Qb7 23. Bxb5 Qxb5 24. Qf8+ Kxf8 25. Rd8# 1-0

[Event "IECC CL6-2007.13 email"]
[Site "IECC email"]
[Date "2007.10.27"]
[Round "?"]
[White "Ratliff, Charles"]
[Black "Helfrich, Cory"]
[Result "0-1"]
[WhiteElo "1361"]
[BlackElo "1366"]
[PlyCount "50"]
[EventDate "2007.??.??"]
[EventType "tourn (corr)"]
[EventRounds "4"]
[SourceTitle "Corr 2011"]
[Source "ChessBase"]
[SourceDate "2010.08.31"]
[SourceVersion "1"]
[SourceVersionDate "2010.08.31"]
[SourceQuality "1"]
[WhiteTeam "Italy"]
[BlackTeam "Chile"]
[WhiteTeamCountry "ITA"]
[BlackTeamCountry "CHI"]

1. e4 c5 2. d4 cxd4 3. c3 dxc3 4. Nxc3 Nc6 5. Nf3 d6 6. Bc4 a6 7. 0-0 Nf6 8. e5 dxe5 9. Qxd8+ Nxd8 10. Nxe5 Bf5 11. Be3 Rc8 12. Bb3 e6 13. Rfd1 Be7 14. a4 Nc6 15. Nxc6 Rxc6 16. a5 0-0 17. Bb6 Rfc8 18. h3 h5 19. Ba4 Rc4 20. Bd7 Nxd7 21. Rxd7 Bf6 22. Na4 Rb4 23. Rd2 Rc2 24. Rxc2 Bxc2 25. Re1 Bxa4 0-1

[Event "IECC P-4347"]
[Site "IECC email"]
[Date "2007.07.25"]
[Round "?"]
[White "Foletta, Ian"]
[Black "Helfrich, Cory"]
[Result "0-1"]
[WhiteElo "997"]
[BlackElo "1227"]
[PlyCount "44"]
[EventDate "2007.??.??"]
[EventType "tourn (corr)"]
[EventRounds "1"]
[SourceTitle "Corr 2011"]
[Source "ChessBase"]
[SourceDate "2010.08.31"]
[SourceVersion "1"]
[SourceVersionDate "2010.08.31"]
[SourceQuality "1"]
[WhiteTeam "US of America"]
[BlackTeam "South Africa"]
[WhiteTeamCountry "USA"]
[BlackTeamCountry "RSA"]

1. e4 e5 2. Nf3 Nc6 3. Bb5 Nf6 4. Nc3 Bc5 5. 0-0 Ng4 6. Nd4 Qh4 7. Nf3 Nxf2 8. Qe2 Nxe4+ 9. d4 Nxd4 10. Nxh4 Nxe2+ 11. Kh1 N2xc3 12. bxc3 0-0 13. Bd3 Nf2+ 14. Kg1 Nxd3+ 15. Kh1 Nf2+ 16. Kg1 Ne4+ 17. Kh1 d6 18. c4 Be6 19. Re1 Nf2+ 20. Kg1 Nd3+ 21. Re3 Nxc1 22. Kh1 Bxe3 0-1

[Event "IECC CL7-2007.07 email"]
[Site "IECC email"]
[Date "2007.05.12"]
[Round "?"]
[White "Christianson, Gary"]
[Black "Helfrich, Cory"]
[Result "0-1"]
[WhiteElo "1156"]
[BlackElo "1179"]
[PlyCount "86"]
[EventDate "2007.??.??"]
[EventType "tourn (corr)"]
[EventRounds "4"]
[SourceTitle "Corr 2011"]
[Source "ChessBase"]
[SourceDate "2010.08.31"]
[SourceVersion "1"]
[SourceVersionDate "2010.08.31"]
[SourceQuality "1"]
[WhiteTeam "Italy"]
[BlackTeam "Chile"]
[WhiteTeamCountry "ITA"]
[BlackTeamCountry "CHI"]

1. d4 Nf6 2. c4 g6 3. Nc3 Bg7 4. Nf3 0-0 5. e4 d6 6. Be2 Nbd7 7. 0-0 e5 8. dxe5 dxe5 9. Bg5 h6 10. Bh4 c6 11. b4 Qe7 12. c5 a5 13. a3 g5 14. Bg3 Nh5 15. h4 Nxg3 16. fxg3 Nxc5 17. Rb1 axb4 18. axb4 Rd8 19. Qc2 Na6 20. h5 Nxb4 21. Qb3 Bf8 22. Bc4 b5 23. Bxf7+ Qxf7 24. Qxf7+ Kxf7 25. Nxe5+ Ke6 26. Ng6 Bc5+ 27. Kh2 Ra3 28. Rbc1 Nd3 29. Nb1 Ra2 30. Rfd1 Nxc1 31. Rxd8 Bd7 32. Rh8 Ra1 33. Nd2 Nd3 34. Nf4+ gxf4 35. gxf4 Nxf4 36. Nf3 Ra2 37. Rxh6+ Kf7 38. Ne5+ Kg7 39. Nxd7 Rxg2+ 40. Kh1 Kxh6 41. Nxc5 Kxh5 42. e5 Kg4 43. e6 Kh3 0-1

[Event "IECC CL7-2007.07 email"]
[Site "IECC email"]
[Date "2007.05.12"]
[Round "?"]
[White "Maggiora, Aldo"]
[Black "Helfrich, Cory"]
[Result "1/2-1/2"]
[WhiteElo "1253"]
[BlackElo "1162"]
[PlyCount "85"]
[EventDate "2007.??.??"]
[EventType "tourn (corr)"]
[EventRounds "4"]
[SourceTitle "Corr 2008"]
[Source "ChessBase"]
[SourceDate "2008.06.24"]
[SourceVersion "1"]
[SourceVersionDate "2008.06.24"]
[SourceQuality "1"]
[WhiteTeam "Italy"]
[BlackTeam "Canada"]
[WhiteTeamCountry "ITA"]
[BlackTeamCountry "CAN"]

1. e4 e5 2. Nf3 Nc6 3. Bb5 Nf6 4. 0-0 Ng4 5. d4 exd4 6. Nxd4 h5 7. h3 Bc5 8. Nf5 d6 9. hxg4 hxg4 10. g3 Qf6 11. Nc3 Bxf5 12. exf5 Qxf5 13. Qd5 Qh7 14. Bxc6+ Kf8 15. Qh1 bxc6 16. Qxh7 Rxh7 17. Ne4 Bb6 18. Bd2 Ke7 19. Rfe1 Kd7 20. Ng5 Rh5 21. Rad1 Rah8 22. Kf1 Rh1+ 23. Ke2 R1h2 24. Be3 Bxe3 25. Kxe3 R8h5 26. Ne4 Re5 27. Kd3 f5 28. Nc3 Rxe1 29. Rxe1 Rxf2 30. Ne2 g5 31. Rh1 f4 32. gxf4 gxf4 33. Rh4 c5 34. b3 d5 35. c4 f3 36. Ng3 Rg2 37. Rxg4 f2 38. Ke2 d4 39. Kf1 d3 40. Rg5 c6 41. Rg7+ Kc8 42. Rg8+ Kd7 43. Rg7+ 1/2-1/2

[Event "IECC CL7-2007.05 email"]
[Site "IECC email"]
[Date "2007.04.06"]
[Round "?"]
[White "Helfrich, Cory"]
[Black "Maggiora, Aldo"]
[Result "1-0"]
[WhiteElo "1128"]
[BlackElo "1175"]
[PlyCount "51"]
[EventDate "2007.??.??"]
[EventType "tourn (corr)"]
[EventRounds "4"]
[SourceTitle "Corr 2008"]
[Source "ChessBase"]
[SourceDate "2008.06.24"]
[SourceVersion "1"]
[SourceVersionDate "2008.06.24"]
[SourceQuality "1"]
[WhiteTeam "Canada"]
[BlackTeam "Italy"]
[WhiteTeamCountry "CAN"]
[BlackTeamCountry "ITA"]

1. e4 e6 2. d4 d5 3. Nc3 Nf6 4. Bg5 Bb4 5. e5 h6 6. Bd2 Bxc3 7. bxc3 Ne4 8. Qg4 Kf8 9. Bd3 Nxd2 10. Kxd2 Nd7 11. h4 c5 12. Rh3 f5 13. Qf4 Qb6 14. g4 g6 15. gxf5 gxf5 16. Nf3 cxd4 17. cxd4 Qb4+ 18. Ke3 Ke8 19. Rg1 Nf8 20. Rhg3 Qb2 21. Rg8 Rxg8 22. Rxg8 Qc1+ 23. Nd2 Qa3 24. Qxh6 Bd7 25. Nb3 Qe7 26. Be2 1-0

[Event "IECC CL8-2006.12 email"]
[Site "IECC email"]
[Date "2006.11.28"]
[Round "?"]
[White "Secord, Pauline"]
[Black "Helfrich, Cory"]
[Result "0-1"]
[WhiteElo "941"]
[BlackElo "1035"]
[PlyCount "68"]
[EventDate "2006.??.??"]
[EventType "tourn (corr)"]
[EventRounds "4"]
[SourceTitle "Corr 2008"]
[Source "ChessBase"]
[SourceDate "2008.06.24"]
[SourceVersion "1"]
[SourceVersionDate "2008.06.24"]
[SourceQuality "1"]

1. e4 e5 2. Nf3 Nc6 3. d4 exd4 4. Nxd4 Bc5 5. Bg5 Qxg5 6. Nb3 Nf6 7. Nc3 Bb4 8. Bb5 Qxb5 9. Qe2 Bxc3+ 10. bxc3 Qxe2+ 11. Kxe2 Nxe4 12. f3 Nxc3+ 13. Kd3 Nd5 14. Rhe1+ Nde7 15. c4 d6 16. Rad1 Nb4+ 17. Kc3 Nxa2+ 18. Kb2 Nb4 19. c5 Bf5 20. g4 Nd3+ 21. Rxd3 Bxd3 22. cxd6 cxd6 23. h3 Rc8 24. f4 Rc2+ 25. Ka1 h5 26. Nc1 hxg4 27. hxg4 Bb5 28. f5 Rhh2 29. g5 Kd7 30. f6 gxf6 31. gxf6 Nd5 32. Nb3 Ra2+ 33. Kb1 Nc3+ 34. Kc1 Rhc2# 0-1